Postavenie hlavného kontrolóra v mzdovej učtárni (4. časť)
Ďalšie pokračovanie časti o postavení hlavného kontrolóra, tentokrát o rozsahu odvodov na zdravotné a sociálne poistenie hlavného kontrolóra, nároku na poskytnutie rekreačného príspevku. Stravné, sociálny fond. Odchodné po skončení funkcie hlavného kontrolóra.
Guardado en:
| Autor principal: | |
|---|---|
| Formato: | Capítulo de libro |
| Lenguaje: | eslovaco |
| Materias: | |
| Etiquetas: |
Sin Etiquetas, Sea el primero en etiquetar este registro!
|
MARC
| LEADER | 00000naa a2200000 4500 | ||
|---|---|---|---|
| 001 | 0265181 | ||
| 005 | 20200721081528.2 | ||
| 041 | 0 | |a slo | |
| 044 | |a SK | ||
| 245 | 1 | 0 | |a Postavenie hlavného kontrolóra v mzdovej učtárni (4. časť) |c Iveta Matlovičová |
| 520 | |a Ďalšie pokračovanie časti o postavení hlavného kontrolóra, tentokrát o rozsahu odvodov na zdravotné a sociálne poistenie hlavného kontrolóra, nároku na poskytnutie rekreačného príspevku. Stravné, sociálny fond. Odchodné po skončení funkcie hlavného kontrolóra. | ||
| 610 | 2 | 0 | |a kontrolóri |
| 610 | 2 | 0 | |a záujmy verejné |
| 610 | 2 | 0 | |a odvody |
| 610 | 2 | 0 | |a odmeňovanie |
| 610 | 2 | 0 | |a stravovanie zamestnancov |
| 610 | 2 | 0 | |a rekreácia |
| 610 | 2 | 0 | |a zamestnanci |
| 610 | 2 | 0 | |a obce |
| 100 | 1 | |a Matlovičová, Iveta | |